000 02506nam a2200433 c 4500
003 BLK
005 20180420222317.0
008 180408b bul|||||r ||||||| ||bul||
010 _aKNG00057170000
020 _a954-608-104-3
_bиздат.: Труд и право
040 _aBLK
041 _aBUL
_cBUL
080 _aЛекарска професия. Медицински работници. Мед. деонтология. Медицинско право - Права, задължения, условия за практикуване на професията, апробация, морал и етика, взаимоотношения с колеги и па
_b614.23/.26
_x.000.34
_z614.23/.26.000.34
080 _aНадзор върху общественото здравеопазване. Санитарен контрол. Здравна полиция
_b351.77
_x:614(497.2)(094.4.072)
_z351.77:614(497.2)(094.4.072)
080 _aГражданско право
_b347
_x(497.2)
_z347(497.2)
100 1 _aГолева, Поля Неделчева
_eпърви автор
_9248221
139 _aГолева, Поля Неделчева
_bГ 63
245 1 0 _aОтговорност на лекаря за вреди, причинени на пациента
_cПоля Неделчева Голева.
257 _aBGR
260 София
_bТруд и право
_c2004
_fСофия : ПК Д. Благоев
300 _a288 с.
_c21 см
380 _a61
500 _aЗагл. на кор.: Отговорността на лекаря за вреди, причинени на пациентаОфс. изд. - Съдържа и Нормативни актове.
650 4 _aЕтика, медицинска
_9277634
650 4 _aЗдравеопазване - България - законодателни и директивни материали
_9265764
650 4 _aОтговорност, гражданска
_9284942
650 4 _aГражданско право - България - законодателни и директивни материали
_9266553
653 _aмедицинска етика
653 _aздравеопазване
653 _aгражданска отговорност
653 _aгражданско право
653 _aзаконодателство
653 _aБългария
852 _aЦб 225874
856 4 _qpdf
_u
856 4 _qpdf
_u
942 _cKNG
_n0
944 _aCR
_c20.12.2005
_kКети_Илиева
944 _aED
_c25.01.2013
_k
999 _c53235
_d53235